000 00910nam a2200241 a 4500
001 BRCA_4929
005 20190320204850.0
008 840621s1915 sp-#######---#000-0#spa-#
041 _aspa
044 _asp
050 4 _aPQ6354
_b.B35 1915
100 1 _aBáig Baños, Aurelio
_dn. 1873
_912511
245 1 0 _aQuién fué el licenciado Alonso Fernández de Avellaneda
_bensayo sobre la estructura espiritual del falso Quijote. Religiosidad de Cervantes
_cAurelio Báig Baños.
260 _aMadrid
_bGabriel Molina
_c[1915]
300 _a336 p.
_c24 cm.
500 _aIncluye tres suplementos
500 _aEn portada: ´Carta del Excmo. Sr. Director de la Biblioteca Nacional D. Francisco Rodríguez Marín´
500 _aQM578
600 1 4 _aCervantes Saavedra, Miguel de
_d1547-1616
_tDon Quijote
_912512
700 1 _aRodríguez Marín, Francisco
_eProloguista
_912513
902 _aGFM
942 _2lcc
_cB
999 _c4623
_d4623